000 00307nab a22001097u 4500
008 130520b1988 xxu||||| |||| 00| 0 spa d
041 _aspa
100 1 _aFuchs, Ottmar
_910254
245 0 0 _aIglesia para los demás
_cOttmar Fuchs
773 0 _tConcilium
_gV.2,1988,págs.63-78
_x0210-1041
_wRev134
942 _cAR
999 _c355411
_d355411